000 00439nam a2200181Ia 4500
001 2744
005 20260306144829.0
008 260306t2014||||xx |||||||||||||| ||spa||
041 _aESP
082 _a220.82
_bP644
100 _aPikaza, Xabier
_eAUT
245 0 _aLa familia en la biblia:
_buna historia pendiente
260 _c2014
300 _a574 páginas :
_c24 cm.
650 _aGEN
654 _aCHU
942 _cLIB
_dJUS
_fJUS
_2ddc
_n
999 _c2744
_d2744